มุมมองปกติ
มุมมองแบบ MARC
- การนับคะแนนเสียง
รายการ Topical Term
001 - CONTROL NUMBER
- control field: 13510
003 - CONTROL NUMBER IDENTIFIER
- control field: NALT
005 - DATE AND TIME OF LATEST TRANSACTION
- control field: 20170915153218.0
008 - FIXED-LENGTH DATA ELEMENTS
- fixed length control field: 170818|| aca||aabn | a|a d
040 ## - CATALOGING SOURCE
- Original cataloging agency: NALT
- Transcribing agency: NALT
150 ## - HEADING--TOPICAL TERM
- Topical term or geographic name entry element: การนับคะแนนเสียง
- General subdivision: วิจัย
670 ## - SOURCE DATA FOUND
- Source citation: Work cat.: (NALT)46119: วิจิตร อยู่สุภาพ 13508, ปัญหาการลงคะแนนและการนับคะแนนเลือกตั้ง : ศึกษากรณีการเลือกตั้งสมาชิกสภาผู้แทนราษฎร เมื่อวันที่ 6 มกราคม 2544, 2548
